Millennium Approaches (Record no. 644)

MARC details
000 -LEADER
fixed length control field 00279nam a2200109 4500
008 - FIXED-LENGTH DATA ELEMENTS--GENERAL INFORMATION
fixed length control field 160623b xxu||||| |||| 00| 0 eng d
100 ## - MAIN ENTRY--PERSONAL NAME
9 (RLIN) 806
Personal name Hensley, D.E
245 ## - TITLE STATEMENT
Title Millennium Approaches
260 ## - PUBLICATION, DISTRIBUTION, ETC. (IMPRINT)
Place of publication, distribution, etc. N.Y
Name of publisher, distributor, etc. Avon Books
Date of publication, distribution, etc. 1992
300 ## - PHYSICAL DESCRIPTION
Extent Millennium Approaches
942 ## - ADDED ENTRY ELEMENTS (KOHA)
Source of classification or shelving scheme Dewey Decimal Classification
Koha item type BOOK
Holdings
Withdrawn status Lost status Source of classification or shelving scheme Damaged status Not for loan Home library Current library Shelving location Date acquired Total Checkouts Full call number Barcode Date last seen Date last checked out Price effective from Koha item type
    Dewey Decimal Classification     Good Samaritan School Library Good Samaritan School Library FICTION 06/23/2016 1 823 HEN1429 08/05/2024 07/29/2024 06/23/2016 BOOK

Powered by Koha